[Event "GER-ch Youth-B"]
[Site "Willingen"]
[Date "2022.06.08"]
[Round "6"]
[White "Morio, Estelle"]
[Black "Fellberg, Justus"]
[Result "1-0"]
[WhiteElo "1823"]
[BlackElo "1262"]
[PlyCount "87"]
[EventDate "2022.06.04"]
[EventType "swiss"]
[EventRounds "9"]
[EventCountry "GER"]
[SourceTitle "CBM 208 Extra"]
[Source "ChessBase"]
[SourceDate "2022.07.31"]
[SourceVersion "1"]
[SourceVersionDate "2022.07.31"]
[SourceQuality "1"]

1. f4 e5 2. fxe5 d6 3. Nf3 dxe5 4. e4 Nf6 5. c3 Bg4 6. Be2 Nc6 7. d3 Bc5 8. b4 Bb6 9. b5 Bxf3 10. Bxf3 Ne7 11. Qe2 0-0 12. Be3 Qd6 13. 0-0 Ng6 14. g3 Rad8 15. Rd1 Rd7 16. a4 Bxe3+ 17. Qxe3 Qb6 18. Qxb6 axb6 19. Na3 Rfd8 20. Be2 Kf8 21. Nc4 Ne8 22. a5 bxa5 23. Nxa5 Nd6 24. c4 b6 25. Nc6 Rc8 26. Bg4 Rdd8 27. Bxc8 Rxc8 28. Ra7 Ke8 29. Rda1 f6 30. Ra8 Kd7 31. Kf2 Nf8 32. Rxc8 Nxc8 33. Ra8 Ng6 34. Kf3 h5 35. Ra1 Nd6 36. Rd1 Ke6 37. Nb4 Ne7 38. Ra1 Kd7 39. Ra7 Nf7 40. Ke3 Nd8 41. Ra8 Nc8 42. Nd5 Ne6 43. Nb4 g5 44. Ra1 1-0

[Event "GER-ch Youth-B"]
[Site "Willingen"]
[Date "2022.06.06"]
[Round "3"]
[White "Schwarz, David"]
[Black "Morio, Estelle"]
[Result "1/2-1/2"]
[WhiteElo "1244"]
[BlackElo "1823"]
[PlyCount "51"]
[EventDate "2022.06.04"]
[EventType "swiss"]
[EventRounds "9"]
[EventCountry "GER"]
[SourceTitle "CBM 208 Extra"]
[Source "ChessBase"]
[SourceDate "2022.07.31"]
[SourceVersion "1"]
[SourceVersionDate "2022.07.31"]
[SourceQuality "1"]

1. e4 d6 2. d4 Nf6 3. Nc3 Nbd7 4. f4 e5 5. Nf3 exd4 6. Qxd4 c6 7. Bd2 d5 8. 0-0-0 Bc5 9. Qd3 dxe4 10. Nxe4 0-0 11. Bc3 Nxe4 12. Qxe4 Qe7 13. Qxe7 Bxe7 14. Bc4 Bf6 15. Bxf6 Nxf6 16. Rhe1 Bg4 17. Re7 b5 18. Bb3 c5 19. Bd5 Nxd5 20. Rxd5 Rfc8 21. f5 Bxf3 22. gxf3 a6 23. Rdd7 Rf8 24. Ra7 h6 25. b3 c4 26. bxc4 1/2-1/2

[Event "GER-ch international (Women)"]
[Site "Bodenmais"]
[Date "2017.08.04"]
[Round "7"]
[White "Krause, Marianne"]
[Black "Morio, Estelle"]
[Result "0-1"]
[WhiteElo "1735"]
[BlackElo "1805"]
[PlyCount "90"]
[EventDate "2017.07.29"]
[EventType "swiss"]
[EventRounds "9"]
[EventCountry "GER"]
[SourceTitle "EXT 2019"]
[Source "ChessBase"]
[SourceDate "2018.10.10"]
[SourceVersion "1"]
[SourceVersionDate "2018.10.10"]
[SourceQuality "1"]

1. c4 Nf6 2. Nc3 c5 3. g3 d5 4. cxd5 Nxd5 5. Bg2 Nc7 6. e3 Nc6 7. Bxc6+ bxc6 8. Nge2 Ne6 9. 0-0 g6 10. b3 Bg7 11. Bb2 0-0 12. f4 Rb8 13. Qc2 Ba6 14. Rf2 Bd3 15. Qc1 c4 16. bxc4 Bxc4 17. Na4 Bb5 18. Bxg7 Nxg7 19. Nc5 Bxe2 20. Rxe2 Qd6 21. d4 Nf5 22. Qc3 Rfc8 23. Rc1 Ng7 24. Rec2 Ne6 25. Nxe6 Qxe6 26. Qd3 Qd7 27. Qe4 f5 28. Qe5 Rb5 29. Rc5 Rcb8 30. a4 R5b6 31. d5 cxd5 32. Qxd5+ Qxd5 33. Rxd5 R8b7 34. Rcd1 Rb4 35. a5 Kf7 36. Rd7 Ke6 37. Rxb7 Rxb7 38. Rd8 Rb5 39. Rh8 h5 40. h3 Rxa5 41. g4 hxg4 42. hxg4 fxg4 43. Kg2 Ra2+ 44. Kg3 Ra3 45. Kxg4 Rxe3 0-1

[Event "GER-chT Federal Cup (Women)"]
[Site "Braunfels"]
[Date "2017.06.17"]
[Round "4.5"]
[White "Mundt, Alexandra"]
[Black "Morio, Estelle"]
[Result "1-0"]
[WhiteElo "1416"]
[BlackElo "1838"]
[PlyCount "119"]
[EventDate "2017.06.15"]
[EventType "team-swiss"]
[EventRounds "5"]
[EventCountry "GER"]
[SourceTitle "CBM 179 Extra"]
[Source "ChessBase"]
[SourceDate "2017.08.23"]
[SourceVersion "1"]
[SourceVersionDate "2017.08.23"]
[SourceQuality "1"]
[WhiteTeam "Schleswig Holstein (W)"]
[BlackTeam "Rheinland Pfalz (W)"]
[WhiteTeamCountry "GER"]
[BlackTeamCountry "GER"]

1. e4 d6 2. d4 Nf6 3. Nc3 Nbd7 4. f4 e5 5. dxe5 dxe5 6. fxe5 Nxe5 7. Qxd8+ Kxd8 8. Bf4 Ng6 9. 0-0-0+ Nd7 10. Bg3 c6 11. Bc4 Ke8 12. Nf3 Be7 13. a3 Bf6 14. Ne2 Nde5 15. Bb3 Bg4 16. Rhf1 Rf8 17. Rde1 Rd8 18. Kb1 a6 19. Nf4 Nxf4 20. Bxf4 Nxf3 21. gxf3 Bh3 22. Rg1 Bd4 23. Be3 Bxe3 24. Rxe3 g6 25. Rd3 Ke7 26. Rgd1 f6 27. Kc1 g5 28. f4 Rxd3 29. Rxd3 g4 30. Kd2 h5 31. Ke2 Rd8 32. Rc3 Rd4 33. Re3 Bg2 34. e5 f5 35. Kf2 Bd5 36. Bxd5 Rxd5 37. Kg3 Rd2 38. Rb3 Rd7 39. Kh4 Ke6 40. Rd3 Re7 41. Rd6+ Kf7 42. Kxh5 Ke8 43. Kg6 Rc7 44. Kxf5 Rh7 45. Rd2 Rf7+ 46. Kxg4 Rg7+ 47. Kf3 Re7 48. h4 Rh7 49. Rh2 Ke7 50. Kg4 Rg7+ 51. Kf5 Rf7+ 52. Ke4 Kf8 53. h5 Kg7 54. f5 Rf8 55. f6+ Kf7 56. Kf5 Rh8 57. e6+ Ke8 58. h6 c5 59. h7 Kf8 60. Kg6 1-0

[Event "Pfalz-ch HT4 86th"]
[Site "Wolfstein"]
[Date "2017.04.09"]
[Round "4"]
[White "Morio, Estelle"]
[Black "Jacobs, Daniel"]
[Result "1-0"]
[WhiteElo "1838"]
[BlackElo "1246"]
[PlyCount "27"]
[EventDate "2017.04.07"]
[EventType "swiss"]
[EventRounds "7"]
[EventCountry "GER"]
[SourceTitle "EXT 2018"]
[Source "ChessBase"]
[SourceDate "2017.10.13"]
[SourceVersion "1"]
[SourceVersionDate "2017.10.13"]
[SourceQuality "1"]

1. f4 d5 2. Nf3 Bf5 3. e3 Nc6 4. Bb5 Bd7 5. b3 e6 6. Bb2 Nf6 7. 0-0 g6 8. d3 Bg7 9. Nbd2 0-0 10. Bxc6 Bxc6 11. Ne5 Ng4 12. Qxg4 Qd6 13. a4 b6 14. Ba3 1-0

[Event "Pfalz-ch HT4 86th"]
[Site "Wolfstein"]
[Date "2017.04.07"]
[Round "1"]
[White "Fink, Joachim"]
[Black "Morio, Estelle"]
[Result "0-1"]
[WhiteElo "1485"]
[BlackElo "1838"]
[PlyCount "96"]
[EventDate "2017.04.07"]
[EventType "swiss"]
[EventRounds "7"]
[EventCountry "GER"]
[SourceTitle "EXT 2018"]
[Source "ChessBase"]
[SourceDate "2017.10.13"]
[SourceVersion "1"]
[SourceVersionDate "2017.10.13"]
[SourceQuality "1"]

1. d4 Nf6 2. c4 e6 3. Nf3 b6 4. a3 Bb7 5. Nc3 Be7 6. e3 0-0 7. Bd3 d6 8. e4 Nbd7 9. h3 e5 10. d5 h6 11. 0-0 Nh7 12. Nh2 Bc8 13. f4 exf4 14. Bxf4 Bg5 15. Bg3 Qe7 16. Qc2 Ne5 17. Rae1 Bf6 18. Be2 Ng5 19. Rf2 Ng6 20. Bh5 Bd4 21. Bg4 Bxf2+ 22. Bxf2 Ne5 23. Bxc8 Raxc8 24. Ne2 c5 25. Bh4 Nxh3+ 26. gxh3 Qxh4 27. Qc3 f5 28. exf5 Rxf5 29. Ng3 Rg5 30. Kg2 Qf4 31. Rf1 Qxc4 32. Qxc4 Nxc4 33. Rf2 Rf8 34. Rc2 Ne3+ 35. Kh1 Nxc2 36. Ne4 Rxd5 37. Ng4 Rd1+ 38. Kh2 Nd4 39. Nxd6 Nf3+ 40. Kg3 Rxd6 41. Kg2 Nh4+ 42. Kg3 Nf5+ 43. Kf4 Re6 44. Kf3 Ne3+ 45. Kg3 Nxg4 46. Kxg4 Rg6+ 47. Kh5 Rg5+ 48. Kh4 Rf4# 0-1

[Event "GER-ch international (Women)"]
[Site "Bodenmais"]
[Date "2016.08.05"]
[Round "7"]
[White "Morio, Estelle"]
[Black "Freter, Anke"]
[Result "0-1"]
[WhiteElo "1801"]
[BlackElo "1873"]
[PlyCount "78"]
[EventDate "2016.07.30"]
[EventType "swiss"]
[EventRounds "9"]
[EventCountry "GER"]
[SourceTitle "EXT 2019"]
[Source "ChessBase"]
[SourceDate "2018.10.10"]
[SourceVersion "1"]
[SourceVersionDate "2018.10.10"]
[SourceQuality "1"]

1. f4 c5 2. Nf3 Nc6 3. b3 Nf6 4. Bb2 b6 5. e3 Bb7 6. Be2 e6 7. 0-0 Be7 8. Qe1 d5 9. Qg3 Rg8 10. d3 d4 11. e4 Nh5 12. Qg4 g6 13. Bc1 Qc7 14. Ng5 h6 15. Nh3 0-0-0 16. Na3 a6 17. Nc4 b5 18. Ne5 f5 19. Qf3 Nxe5 20. fxe5 Qxe5 21. Bxh6 fxe4 22. dxe4 Bxe4 23. Qf2 Bf5 24. Ng5 Bxg5 25. Bxg5 Rd7 26. Bxh5 gxh5 27. Bf4 Qd5 28. Rfe1 Bh3 29. g3 Rf7 30. Re5 Qc6 31. Rxh5 Rxf4 32. Qd2 Bg4 33. Re5 Rf6 34. c3 Rd8 35. cxd4 Rxd4 36. Qc3 Rf3 37. Qc1 Rf5 38. Qe1 Rxe5 39. Qxe5 Rd2 0-1

[Event "GER-ch international (Women)"]
[Site "Bodenmais"]
[Date "2016.07.30"]
[Round "1"]
[White "Beyer, Edith"]
[Black "Morio, Estelle"]
[Result "0-1"]
[WhiteElo "1430"]
[BlackElo "1801"]
[PlyCount "74"]
[EventDate "2016.07.30"]
[EventType "swiss"]
[EventRounds "9"]
[EventCountry "GER"]
[SourceTitle "EXT 2019"]
[Source "ChessBase"]
[SourceDate "2018.10.10"]
[SourceVersion "1"]
[SourceVersionDate "2018.10.10"]
[SourceQuality "1"]

1. c4 Nf6 2. Nc3 c5 3. e4 Nc6 4. Nf3 d6 5. d3 g6 6. Be2 Bg7 7. 0-0 0-0 8. Ne1 Nd4 9. Nc2 Nxc2 10. Qxc2 h6 11. Qd1 a6 12. f4 e6 13. Qe1 Kh7 14. Nd1 Ng8 15. Rb1 Ne7 16. Kh1 d5 17. cxd5 exd5 18. Ne3 f5 19. exf5 Nxf5 20. Nxf5 Bxf5 21. g4 Bd7 22. Qd2 Qe7 23. b3 Rae8 24. Re1 Bxg4 25. Bxg4 Qxe1+ 26. Qxe1 Rxe1+ 27. Kg2 Bd4 28. Kg3 Be3 29. Bxe3 Rxb1 30. Bxc5 Re8 31. Bf3 Rb2 32. Bxd5 Rxa2 33. Bxb7 Ree2 34. d4 Re3+ 35. Kg4 Rxh2 36. d5 Rg2+ 37. Kh4 g5+ 0-1

[Event "GER-ch U18 Girls"]
[Site "Willingen"]
[Date "2016.05.17"]
[Round "5"]
[White "Morio, Estelle"]
[Black "Rosmait, Emily"]
[Result "0-1"]
[WhiteElo "1801"]
[BlackElo "1915"]
[PlyCount "94"]
[EventDate "2016.05.15"]
[EventType "swiss"]
[EventRounds "9"]
[EventCountry "GER"]
[SourceTitle "CBM 172 Extra"]
[Source "ChessBase"]
[SourceDate "2016.06.21"]
[SourceVersion "1"]
[SourceVersionDate "2016.06.21"]
[SourceQuality "1"]

1. Nf3 Nf6 2. g3 d5 3. Bg2 g6 4. 0-0 Bg7 5. d3 0-0 6. Nbd2 c5 7. e4 Nc6 8. Re1 e5 9. exd5 Nxd5 10. Ne4 b6 11. h3 Bb7 12. Bg5 f6 13. Bd2 Qd7 14. Qc1 Rfe8 15. Nh2 Re7 16. a3 Rae8 17. Bh6 Bh8 18. Qd1 Bg7 19. Qd2 f5 20. Bxg7 Kxg7 21. Nc3 Nf6 22. Nf3 Nd4 23. Nxd4 cxd4 24. Ne2 Bxg2 25. Kxg2 Rd8 26. Rad1 Qc6+ 27. Kh2 Rc7 28. Rc1 Qf3 29. Ng1 Qd5 30. Ne2 Re7 31. Rcd1 h5 32. Qb4 Rdd7 33. Qd2 h4 34. gxh4 Qf3 35. Ng3 f4 36. Ne4 Qh5 37. Nxf6 Kxf6 38. Rg1 Qxh4 39. Rg4 Qh5 40. Qe2 Rh7 41. Qf3 Rc7 42. Rd2 Qf5 43. Re2 g5 44. Kg2 Qe6 45. b3 Qc6 46. Qxc6+ Rxc6 47. Rd2 Rhc7 0-1

[Event "GER-ch U18 Girls"]
[Site "Willingen"]
[Date "2016.05.17"]
[Round "4"]
[White "Wiesner, Paula"]
[Black "Morio, Estelle"]
[Result "0-1"]
[WhiteElo "2116"]
[BlackElo "1801"]
[PlyCount "46"]
[EventDate "2016.05.15"]
[EventType "swiss"]
[EventRounds "9"]
[EventCountry "GER"]
[SourceTitle "CBM 172 Extra"]
[Source "ChessBase"]
[SourceDate "2016.06.21"]
[SourceVersion "1"]
[SourceVersionDate "2016.06.21"]
[SourceQuality "1"]

1. e4 d6 2. d4 Nf6 3. Nc3 Nbd7 4. f4 e5 5. Nf3 c6 6. Be3 Qc7 7. Qd2 Be7 8. 0-0-0 0-0 9. h3 b5 10. Bd3 Re8 11. g4 Bf8 12. g5 Nh5 13. f5 Bb7 14. Rhg1 g6 15. Rdf1 exd4 16. Nxd4 Ng7 17. Qf2 Ne5 18. h4 b4 19. Nd1 c5 20. f6 Nxd3+ 21. cxd3 cxd4+ 22. Kb1 dxe3 23. Nxe3 Ne6 0-1

[Event "Lueneburg op-B"]
[Site "Lueneburg"]
[Date "2015.08.22"]
[Round "8"]
[White "Moenster, Madita"]
[Black "Morio, Estelle"]
[Result "1/2-1/2"]
[WhiteElo "1585"]
[BlackElo "1675"]
[PlyCount "86"]
[EventDate "2015.08.15"]
[EventType "swiss"]
[EventRounds "9"]
[EventCountry "GER"]
[SourceTitle "EXT 2016"]
[Source "ChessBase"]
[SourceDate "2015.10.08"]
[SourceVersion "1"]
[SourceVersionDate "2015.10.08"]
[SourceQuality "1"]

1. e4 d6 2. d4 Nf6 3. Nc3 Nbd7 4. Nf3 e5 5. Bc4 Be7 6. 0-0 0-0 7. Re1 c6 8. a4 a5 9. h3 h6 10. Be3 Qc7 11. Qe2 Re8 12. Ba2 Nf8 13. Rad1 Ng6 14. Nd2 Be6 15. Nc4 d5 16. dxe5 dxc4 17. exf6 Bxf6 18. Bxc4 Bxc3 19. bxc3 Nf4 20. Bxf4 Qxf4 21. Bxe6 Rxe6 22. Rd7 Rb8 23. Qd3 Ree8 24. Re3 Qe5 25. Rf3 Re7 26. Rf5 Rxd7 27. Qxd7 Qxe4 28. Rxf7 Qe1+ 29. Kh2 Qe5+ 30. f4 Qxc3 31. Qe6 Kh8 32. Qd6 Rg8 33. Rxb7 Qxc2 34. Rc7 Qxa4 35. Rxc6 Qe4 36. Qc5 Qxf4+ 37. Kh1 a4 38. Qc3 Ra8 39. Rc7 Qg5 40. Rc8+ Rxc8 41. Qxc8+ Kh7 42. Qc2+ Qg6 43. Qxa4 Qb1+ 1/2-1/2

[Event "Lueneburg op-B"]
[Site "Lueneburg"]
[Date "2015.08.20"]
[Round "6"]
[White "Morio, Estelle"]
[Black "Von Estorff, Jacob"]
[Result "1/2-1/2"]
[WhiteElo "1675"]
[BlackElo "1780"]
[PlyCount "109"]
[EventDate "2015.08.15"]
[EventType "swiss"]
[EventRounds "9"]
[EventCountry "GER"]
[SourceTitle "EXT 2016"]
[Source "ChessBase"]
[SourceDate "2015.10.08"]
[SourceVersion "1"]
[SourceVersionDate "2015.10.08"]
[SourceQuality "1"]

1. f4 d5 2. b3 c5 3. Bb2 Nf6 4. e3 Nc6 5. Bb5 Bd7 6. Nf3 e6 7. 0-0 Bd6 8. Bxc6 Bxc6 9. Ne5 0-0 10. Qe1 Nd7 11. Nxc6 bxc6 12. Qg3 f6 13. Qg4 Qe7 14. d3 f5 15. Qh3 e5 16. Nd2 exf4 17. exf4 Qe2 18. Rf2 Qe6 19. Rf3 Rae8 20. Raf1 Nf6 21. Qg3 Rf7 22. h3 Nh5 23. Qf2 Rfe7 24. Be5 Bxe5 25. fxe5 f4 26. Re1 Qc8 27. Nf1 Rxe5 28. Rxe5 Rxe5 29. Qxc5 Re2 30. Rf2 Rxf2 31. Qxf2 Qc7 32. Qe2 Qf7 33. Qe5 h6 34. Nd2 Kh7 35. Nf3 Ng3 36. Qe1 Nf5 37. c3 Ne3 38. Nd2 Qf6 39. Nf1 Nxf1 40. Kxf1 f3 41. Kg1 Qg6 42. Qf2 Qxd3 43. Qxf3 Qxf3 44. gxf3 Kg6 45. Kg2 Kf5 46. Kg3 g5 47. b4 a6 48. a3 h5 49. a4 h4+ 50. Kf2 Kf4 51. a5 Kf5 52. Ke2 Ke6 53. Kd3 Kf5 54. Ke2 Ke5 55. Ke3 1/2-1/2